Marvel Rivals Win Ratios S0 - Statistics

General Stats
  • This quiz has been taken 28 times
  • The average score is 10 of 15
Answer Stats
Hint Answer % Correct
Duelist 51.92% Iron Man
88%
Vanguard 53.40% Hulk
81%
Strategist 51.89% Rocket Raccoon
81%
Strategist 53.63% Mantis
73%
Strategist 54.59% Adam Warlock
69%
Duelist 54.44% Black Panther
69%
Strategist 52.65% Loki
69%
Duelist 55.44% Magik
65%
Vanguard 52.89% Peni Parker
65%
Duelist 51.94% Storm
58%
Duelist 52.70% Star Lord
54%
Vanguard 51.93% Dr Strange
50%
Duelist 51.92% Psylocke
50%
Duelist 53.78% Iron Fist
46%
Duelist 53.01% Wolverine
46%
No matching quizzes found
Score Distribution
Percent of People with Each Score
Percentile by Number Answered
Your Score History
You have not taken this quiz